| 000 | 01868cam a2200577 4500 | ||
|---|---|---|---|
| 008 | 020125n2001 000 0 eng u | ||
| 020 | _a0754512967 | ||
| 035 | _a(Sirsi) u116446 | ||
| 050 | _a346.04343 | ||
| 110 |
_aPricewaterhouse Coopers Leasing Teams _94195 |
||
| 245 | _aInternational leasing | ||
| 250 | _a2nd ed. | ||
| 260 |
_aLondon _bButterworth Tolley _c2001 |
||
| 300 |
_axl,348p. _c23cm. |
||
| 350 | _a85.00 | ||
| 490 | _aTolley's International Series | ||
| 520 | _aDesigned as a practical guide to lease transactions including cross-border arrangements this edition discusses the current legislative and regulatory position, including tax and accounting practices, in Austria, Belgium, Canada, China, the Czech Republic, Denmark, Finland, France, Germany, Hong Kong, Ireland, Italy, Japan, Luxembourg, Malaysia, the Netherlands, New Zealand, Poland, Singapore, Spain, Switzerland, Taiwan, Thailand, the UK and the United States. | ||
| 650 | _aMANAGEMENT-BUSINESS MANAGEMENT-FINANCIAL MANAGEMENT-ACCOUNTING | ||
| 650 | _aAUSTRIA | ||
| 650 | _aBELGIUM | ||
| 650 | _aBUSINESS LEASES | ||
| 650 | _aCANADA | ||
| 650 | _aCHINA | ||
| 650 | _aCOMMERCIAL LEASES | ||
| 650 | _aCROSS-BORDER PROPERTY DEALS | ||
| 650 | _aCZECH REPUBLIC | ||
| 650 | _aDENMARK | ||
| 650 | _aFINLAND | ||
| 650 | _aFRANCE | ||
| 650 | _aGERMANY | ||
| 650 | _aHONG KONG | ||
| 650 | _aIRELAND | ||
| 650 | _aITALY | ||
| 650 | _aJAPAN | ||
| 650 | _aLEASES | ||
| 650 | _aLEASES | ||
| 650 | _aLUXEMBOURG | ||
| 650 | _aMALAYSIA | ||
| 650 | _aNETHERLANDS | ||
| 650 | _aNEW ZEALAND | ||
| 650 | _aPOLAND | ||
| 650 | _aPROPERTY TAXES | ||
| 650 | _aSINGAPORE | ||
| 650 | _aSPAIN | ||
| 650 | _aSWITZERLAND | ||
| 650 | _aTAIWAN | ||
| 650 | _aTAXATION | ||
| 650 | _aTHAILAND | ||
| 690 | _aPROPERTY-COMMERCIAL PROPERTY | ||
| 942 | _n0 | ||
| 999 |
_c101852 _d101852 |
||